Click the Netflix Original Series Quiz Stats

Quiz Updated Apr 15, 2018

Challenge
Share
Tweet
Score 0/20 Timer 03:00
2 Plays Today
% Correct
Orange Is
the New Black
94.2%
VeggieTales
in the House
91.1%
House of Cards
90.3%
A Series of
Unfortunate
Events
88.1%
Cooked
87.4%
Grace and
Frankie
87.1%
W|
Bob & David
85.1%
Fuller
House
84.1%
Narcos
82.5%
Master of None
82.2%
% Correct
Making a
Murderer
80.4%
Unbreakable
Kimmy Schmidt
79.2%
Marvel's Daredevil
76.9%
BoJack
Horseman
74.8%
Netflix Presents:
The Characters
72.6%
Stranger Things
72.3%
Project
Mc2
64.8%
Hemlock Grove
59.6%
Love
57.2%
Bloodline
55.5%

You're not logged in!

Compare scores with friends on all Sporcle quizzes.
Sign Up with Email
OR
Log In

You Might Also Like...

Show Comments

Extras

Top Quizzes Today


Score Distribution

Your Account Isn't Verified!

In order to create a playlist on Sporcle, you need to verify the email address you used during registration. Go to your Sporcle Settings to finish the process.

Report this User

Report this user for behavior that violates our Community Guidelines.

Details: